Elephant dung: A promising potting medium for root trainer plants of Hevea brasiliensis (Record no. 49084)

MARC details
000 -LEADER
fixed length control field 00510nam a2200181Ia 4500
100 ## - MAIN ENTRY--AUTHOR NAME
Personal name Thomas V
245 #0 - TITLE STATEMENT
Title Elephant dung: A promising potting medium for root trainer plants of Hevea brasiliensis
260 ## - PUBLICATION, DISTRIBUTION, ETC. (IMPRINT)
Name of publisher Rubber Science
Year of publication 2016
300 ## - PHYSICAL DESCRIPTION
Number of Pages 58-61
650 ## - SUBJECT ADDED ENTRY--TOPICAL TERM
Topical Term Bio-waste utilization
650 ## - SUBJECT ADDED ENTRY--TOPICAL TERM
Topical Term Elephant dung
650 ## - SUBJECT ADDED ENTRY--TOPICAL TERM
Topical Term Hevea brasiliensis
650 ## - SUBJECT ADDED ENTRY--TOPICAL TERM
Topical Term Potting medium
650 ## - SUBJECT ADDED ENTRY--TOPICAL TERM
Topical Term Root trainer plants
700 ## - ADDED ENTRY--PERSONAL NAME
Personal name George S
942 ## - ADDED ENTRY ELEMENTS (KOHA)
Koha item type Bibliography STAF
Holdings
Withdrawn status Lost status Damaged status Not for loan Home library Current library Shelving location Date acquired Serial Enumeration / chronology Koha item type
      Bibliography RRII Library RRII Library Botany 01/01/2021 Volume 29, Issue 1 Bibliography STAF